| 000 | 00315 a2200097 4500 | ||
|---|---|---|---|
| 082 | _a363.125 HUT | ||
| 100 | _aHutchinson, TP | ||
| 245 |
_aCentre for Automotive Safety Research Road Courtesy and Road Safety / _cTP Hutchinson |
||
| 260 |
_aAustralia : _bThe University of Adelaide, _c2008 |
||
| 300 |
_a17p. : _bill. ; _c30 cm |
||
| 650 | _aRoad safety | ||
| 999 |
_c2298 _d2298 |
||